Statistiques concernant L'Etranger d'Albert Camus

Cliquez ici pour prendre le quiz!

Statistiques générales

  • Ce quiz a été pris 114 fois
  • Le résultat moyen est 12 sur 15

Statistiques - réponses

QuestionRéponse% Correct
Lequel de ces 4 hommes est Albert Camus ?
98%
lequel de ces résumé est le vrai ?L'Étranger d'Albert Camus narre l'histoire de Meursault, un homme indifférent et détaché de la société, dont la vie prend un tournant tragique après un acte inhumain.
97%
Qui est Albert Camus ?Un grand écrivain du XXème siècle
96%
Comment s'appel le personnage principal ?Meursault
95%
"Aujourd’hui, maman est morte. Ou peut-être hier, je ne sais pas." cet incipit est très connu mais pourquoi ?décrit la notification de la mort de la mère du protagoniste, Meursault. L'atmosphère est marquée par une indifférence apparente de la part de Meursault envers la mort maternelle, reflétant son attitude détachée et apathique envers la vie.
93%
Que se passe t-il sur la plage ?Meursault tue l'un des arabes
93%
Quelles sont la date de naissances et la date de mort d'Albert Camus ?7 novembre 1913 - 4 janvier 1960
91%
Comment meursault réagis face a son procès ?détachée et apathique
89%
Comment s'appelait la femme que Meursault côtoyait ?Marie Cardona
83%
Meursault est Quelqu'un de...Passif
80%
Quel est le mouvement littéraire de cet œuvre ?l'absurde
76%
Meursault est-il un personnage en marge ?oui
74%
En quelle année l'étranger d'Albert Camus fut publié ?1942
64%
Quelle est la race du chien de Salamano ?Un fox terrier
37%
Comment fut accueilli cette œuvre par le public ?elle subit un accueil mitigé
36%

Distribution des résultats

Percentile par nombre de réponses

% des personnes avec chaque résultat

Votre développement - résultats

Vous n’avez pas pris ce quiz